000 00426nam a2200169Ia 4500
008 141014s9999||||xx |||||||||||||| ||und||
010 _a18163
020 _aSISBN
082 _a863 K.47 Ejm.1
100 _aKierkegaard
245 _aLos estadios erocticos inmediatos o lo erotico musical
250 _a3ra Ed
260 _aAguilar S.A. México D.F.
_c1977
300 _a162 p
_c19 cm
650 _aNovela
942 _cBK
999 _c18313
_d18313